Bí ẩn của chiêm mộng và vu thuật

Salvato in:
Dettagli Bibliografici
Autore principale: Diêu, Vĩnh Quân
Natura: Libro
Lingua:Undetermined
Pubblicazione: Hà Nội Văn hóa Thông tin 2004
Soggetti:
Tags: Aggiungi Tag
Nessun Tag, puoi essere il primo ad aggiungerne! !
Thư viện lưu trữ: Trung tâm Học liệu Trường Đại học Cần Thơ
LEADER 00558nam a2200193Ia 4500
001 CTU_101308
008 210402s9999 xx 000 0 und d
020 |c 90000 
082 |a 135 
082 |b Qu121 
100 |a Diêu, Vĩnh Quân 
245 0 |a Bí ẩn của chiêm mộng và vu thuật 
245 0 |c Diêu Vĩnh Quân 
260 |a Hà Nội 
260 |b Văn hóa Thông tin 
260 |c 2004 
650 |a Mystery,Dreams,Philosophy, china 
904 |i Tuyến 
980 |a Trung tâm Học liệu Trường Đại học Cần Thơ